Vedic mathematics (Record no. 137424)

000 -LEADER
fixed length control field 00311nam a2200121Ia 4500
008 - FIXED-LENGTH DATA ELEMENTS--GENERAL INFORMATION
fixed length control field 220120s9999||||xx |||||||||||||| ||und||
082 ## - DEWEY DECIMAL CLASSIFICATION NUMBER
Classification number 823 KUM
100 ## - MAIN ENTRY--PERSONAL NAME
Personal name Kumar, Pradeep
9 (RLIN) 11886
245 #0 - TITLE STATEMENT
Title Vedic mathematics
260 ## - PUBLICATION, DISTRIBUTION, ETC.
Place of publication, distribution, etc. Shree Book Center
Name of publisher, distributor, etc. New Delhi
300 ## - PHYSICAL DESCRIPTION
Extent X,516p.;28cm
Other physical details 0
650 ## - SUBJECT ADDED ENTRY--TOPICAL TERM
Topical term or geographic name entry element ELECTRONICS
Holdings
Withdrawn status Lost status Damaged status Not for loan Collection code Home library Current library Date acquired Barcode Date last seen Price effective from Koha item type
        Humanity Science Central Library Central Library 01/20/2022 GF1283 01/20/2022 01/20/2022 Gift Books

Powered by Koha